[Event "GBR-ch108 Under 14"]
[Site "Torquay"]
[Date "2022.08.08"]
[Round "1"]
[White "Hill-Wood, T Wilfred D"]
[Black "Hobson, Kenneth"]
[Result "0-1"]
[WhiteElo "1475"]
[BlackElo "1884"]
[PlyCount "52"]
[EventDate "2022.08.08"]
[EventType "swiss"]
[EventRounds "7"]
[EventCountry "GBR"]
[SourceTitle "BritBase"]
[Source "John Saunders"]
[SourceDate "2021.06.05"]
[SourceVersion "1"]
[SourceVersionDate "2021.06.05"]
[SourceQuality "1"]

1. e4 e5 2. Nf3 Nc6 3. d4 exd4 4. Nxd4 Bc5 5. Be3 Qf6 6. Nb5 Bxe3 7. fxe3 Qh4+
8. g3 Qd8 9. Qg4 Kf8 10. Qf4 d6 11. Bc4 Ne5 12. O-O Nf6 13. Nd2 Ng6 14. Qf2 Bh3
15. Rfd1 h5 16. Nd4 h4 17. N4f3 Ng4 18. Qe1 Qf6 19. Qe2 hxg3 20. hxg3 N6e5 21.
Bb3 Qh6 22. Nxe5 Nxe5 23. Kf2 Bg4 24. Qf1 Bxd1 25. Rxd1 Ng4+ 26. Ke1 Qxe3+ 0-1

[Event "GBR-ch108 Under 14"]
[Site "Torquay"]
[Date "2022.08.09"]
[Round "2"]
[White "Aditya, Tari"]
[Black "Eccleston, Bryony"]
[Result "0-1"]
[WhiteElo "1230"]
[BlackElo "1032"]
[PlyCount "100"]
[EventDate "2022.08.08"]
[EventType "swiss"]
[EventRounds "7"]
[EventCountry "GBR"]
[SourceTitle "BritBase"]
[Source "John Saunders"]
[SourceDate "2021.06.05"]
[SourceVersion "1"]
[SourceVersionDate "2021.06.05"]
[SourceQuality "1"]

1. e4 e5 2. Nf3 Nc6 3. Bc4 Bc5 4. d3 d6 5. h3 h6 6. Nc3 Nf6 7. O-O Na5 8. a3
Nxc4 9. dxc4 Be6 10. b3 O-O 11. Nd5 Nxe4 12. a4 c6 13. Ne3 Rc8 14. a5 a6 15.
Qd3 Nf6 16. Rd1 e4 17. Qe2 exf3 18. Qxf3 Bb4 19. Ba3 Bxa3 20. Rxa3 Qe7 21. Ra2
d5 22. Re1 dxc4 23. Nxc4 Qb4 24. Qe2 Bxc4 25. Ra4 Qxa4 26. Qxc4 Qxc4 27. bxc4
Rfe8 28. Rf1 Re2 29. Kh1 Rce8 30. Rb1 Re1+ 31. Rxe1 Rxe1+ 32. Kh2 Re2 33. Kg3
Rxc2 34. f4 Rxc4 35. Kf3 Nd5 36. g3 Ra4 37. g4 Nxf4 38. Kg3 Nd5 39. Kh2 Rxa5
40. Kg3 c5 41. h4 c4 42. Kf3 c3 43. g5 hxg5 44. hxg5 c2 45. g6 fxg6 46. Ke4
c1=Q 47. Kd4 Qf4+ 48. Kd3 Ra3+ 49. Kc2 Qf2+ 50. Kd1 Ra1# 0-1

[Event "GBR-ch108 Under 14"]
[Site "Torquay"]
[Date "2022.08.09"]
[Round "2"]
[White "Bharat Kumar, Balahari"]
[Black "Chan, Michelle Ngo Yu"]
[Result "1-0"]
[WhiteElo "1738"]
[BlackElo "1638"]
[PlyCount "99"]
[EventDate "2022.08.08"]
[EventType "swiss"]
[EventRounds "7"]
[EventCountry "GBR"]
[SourceTitle "BritBase"]
[Source "John Saunders"]
[SourceDate "2021.06.05"]
[SourceVersion "1"]
[SourceVersionDate "2021.06.05"]
[SourceQuality "1"]

1. d4 d5 2. c4 e6 3. Nc3 Nf6 4. Bf4 Bd6 5. Bg5 Be7 6. e3 h6 7. Bh4 O-O 8. Nf3
b6 9. cxd5 exd5 10. Bd3 Bb7 11. O-O c5 12. Rc1 Nbd7 13. Qc2 Ne4 14. Nxe4 Bxh4
15. Nd6 Bc6 16. Nf5 Be7 17. b3 Rc8 18. Qe2 Re8 19. Ne5 Nxe5 20. dxe5 Bf8 21. f4
g6 22. Qg4 Bd7 23. Qg3 Bxf5 24. Bxf5 Rc6 25. e6 Qf6 26. exf7+ Qxf7 27. Bd3 Rce6
28. e4 Qg7 29. exd5 Rf6 30. Bc4 Bd6 31. Qg4 Ref8 32. g3 Kh8 33. Rce1 h5 34. Qd1
Rd8 35. Re4 Qf7 36. Rfe1 h4 37. Qg4 hxg3 38. hxg3 Kg7 39. Re6 Qf8 40. Bd3 Qf7
41. f5 Rxf5 42. Bxf5 Qxf5 43. Qxf5 gxf5 44. Kg2 Bb8 45. Re8 Rxe8 46. Rxe8 Bd6
47. Rd8 Be5 48. d6 Kf6 49. d7 Ke7 50. Re8+ 1-0

[Event "GBR-ch108 Under 14"]
[Site "Torquay"]
[Date "2022.08.09"]
[Round "2"]
[White "Blades, Kit"]
[Black "Badacsonyi, Stanley"]
[Result "0-1"]
[WhiteElo "1477"]
[BlackElo "1730"]
[PlyCount "137"]
[EventDate "2022.08.08"]
[EventType "swiss"]
[EventRounds "7"]
[EventCountry "GBR"]
[SourceTitle "BritBase"]
[Source "John Saunders"]
[SourceDate "2021.06.05"]
[SourceVersion "1"]
[SourceVersionDate "2021.06.05"]
[SourceQuality "1"]

1. e4 e5 2. Nf3 Nc6 3. d4 exd4 4. Nxd4 Bc5 5. Be3 Qf6 6. c3 Nge7 7. Bc4 Ne5 8.
Be2 Qg6 9. O-O Bb6 10. Nd2 d5 11. f3 O-O 12. Kh1 Rd8 13. Qe1 dxe4 14. Qh4 f6
15. fxe4 Bg4 16. N2f3 Bxf3 17. gxf3 Qf7 18. Qh3 Nc4 19. Bxc4 Qxc4 20. Rg1 Bxd4
21. Bxd4 Ng6 22. b3 Qf7 23. Rad1 Nf4 24. Qf1 Rd7 25. Be3 Ng6 26. Rxd7 Qxd7 27.
Qc4+ Qf7 28. Qxf7+ Kxf7 29. Rd1 Ke7 30. Kg2 b6 31. Kg3 Ne5 32. f4 Nf7 33. Kf3
Nd6 34. c4 g6 35. Bc1 f5 36. e5 Nf7 37. Rd3 h6 38. h4 g5 39. fxg5 Nxe5+ 40. Ke3
Nxd3 41. Kxd3 hxg5 42. Bxg5+ Ke6 43. Ke3 Rg8 44. Kf4 Rg7 45. h5 Rd7 46. h6 Rd4+
47. Ke3 Re4+ 48. Kf3 Kf7 49. Bf4 c6 50. Bb8 a6 51. Ba7 b5 52. cxb5 cxb5 53. Be3
Kg6 54. Bd2 Rh4 55. Kg3 Rxh6 56. Bxh6 Kxh6 57. Kf4 Kg6 58. a3 Kf6 59. a4 Ke6
60. Kf3 Ke5 61. Ke3 f4+ 62. Kf3 b4 63. a5 Kf5 64. Kf2 Ke4 65. Ke2 Kd4 66. Kf3
Kc3 67. Kxf4 Kxb3 68. Ke3 Kc2 69. Kd4 0-1

[Event "GBR-ch108 Under 14"]
[Site "Torquay"]
[Date "2022.08.09"]
[Round "2"]
[White "Dasgupta, Avyukt"]
[Black "Hertog, Alexander"]
[Result "1-0"]
[WhiteElo "1674"]
[BlackElo "1533"]
[PlyCount "83"]
[EventDate "2022.08.08"]
[EventType "swiss"]
[EventRounds "7"]
[EventCountry "GBR"]
[SourceTitle "BritBase"]
[Source "John Saunders"]
[SourceDate "2021.06.05"]
[SourceVersion "1"]
[SourceVersionDate "2021.06.05"]
[SourceQuality "1"]

1. b4 Nf6 2. Bb2 g6 3. c4 d6 4. d4 Bg7 5. Nc3 d5 6. c5 c6 7. e3 Ne4 8. Nxe4
dxe4 9. Bc4 a5 10. Qb3 O-O 11. b5 cxb5 12. Bxb5 Be6 13. Qc2 f5 14. Ne2 Nc6 15.
Bc4 Bxc4 16. Qxc4+ Kh8 17. Nf4 Qe8 18. Rc1 Rg8 19. Ne6 Nb4 20. Nxg7 Rxg7 21.
Rd1 e6 22. d5 exd5 23. Bxg7+ Kxg7 24. Qd4+ Kg8 25. O-O Rd8 26. a3 Nd3 27. Rb1
Qc6 28. a4 Rd7 29. Rb5 Qc7 30. Rfb1 Nb4 31. g3 Qd8 32. Qe5 d4 33. c6 bxc6 34.
Rb8 d3 35. Qe6+ Kg7 36. Rxd8 Rxd8 37. Qe7+ Kh6 38. Qxd8 Na2 39. Rd1 Nc3 40.
Rxd3 exd3 41. Qxd3 Nxa4 42. Qa3 1-0

[Event "GBR-ch108 Under 14"]
[Site "Torquay"]
[Date "2022.08.09"]
[Round "2"]
[White "Hobson, Kenneth"]
[Black "Balasundaram, Sivasatyan"]
[Result "1-0"]
[WhiteElo "1884"]
[BlackElo "1492"]
[PlyCount "83"]
[EventDate "2022.08.08"]
[EventType "swiss"]
[EventRounds "7"]
[EventCountry "GBR"]
[SourceTitle "BritBase"]
[Source "John Saunders"]
[SourceDate "2021.06.05"]
[SourceVersion "1"]
[SourceVersionDate "2021.06.05"]
[SourceQuality "1"]

1. e4 e6 2. b3 c6 3. Bb2 d5 4. exd5 exd5 5. Nf3 Bf5 6. Qe2+ Qe7 7. Nd4 Bg6 8.
d3 Nd7 9. Nd2 Qxe2+ 10. Bxe2 Bd6 11. O-O Bf4 12. N4f3 f6 13. g3 Bd6 14. Nh4 Be5
15. d4 Bd6 16. Nxg6 hxg6 17. c4 Ne7 18. Rfe1 O-O-O 19. Bf3 Bb4 20. a3 Bxd2 21.
Rxe7 dxc4 22. bxc4 Nb6 23. d5 cxd5 24. cxd5 Rhg8 25. Rd1 Bg5 26. h4 Bh6 27. d6
Rd7 28. Rxd7 Kxd7 29. Bxb7 Nc4 30. Bc3 Rb8 31. Be4 f5 32. Bc2 Nxa3 33. Ba4+ Nb5
34. f4 Ke6 35. Bxb5 Rxb5 36. d7 Rd5 37. Rxd5 Kxd5 38. d8=Q+ Ke4 39. Qd4+ Kf3
40. Qd3+ Kg4 41. Kg2 Bxf4 42. Qd1# 1-0

[Event "GBR-ch108 Under 14"]
[Site "Torquay"]
[Date "2022.08.09"]
[Round "2"]
[White "Latypova, Olga L"]
[Black "Buanne, Luca"]
[Result "0-1"]
[WhiteElo "1567"]
[BlackElo "1979"]
[PlyCount "126"]
[EventDate "2022.08.08"]
[EventType "swiss"]
[EventRounds "7"]
[EventCountry "GBR"]
[SourceTitle "BritBase"]
[Source "John Saunders"]
[SourceDate "2021.06.05"]
[SourceVersion "1"]
[SourceVersionDate "2021.06.05"]
[SourceQuality "1"]

1. e4 e5 2. Nf3 Nc6 3. Bc4 Bc5 4. c3 Nf6 5. d3 d6 6. Nbd2 Be6 7. Bb3 O-O 8. Bc2
d5 9. exd5 Bxd5 10. O-O Re8 11. Ng5 h6 12. Nge4 Bf8 13. Re1 Qe7 14. Qe2 Nxe4
15. dxe4 Be6 16. Nf1 Rad8 17. Ne3 g6 18. Qb5 Bc8 19. Nd5 Qd6 20. Be3 a6 21. Qe2
Ne7 22. Rad1 Nxd5 23. Rxd5 Qf6 24. Bb3 Be6 25. Rdd1 Bxb3 26. axb3 Qe6 27. Qc2
Bg7 28. f3 f5 29. b4 f4 30. Bf2 g5 31. Rxd8 Rxd8 32. Rd1 Rd6 33. Bc5 Rd7 34.
Qa4 Qc6 35. Qb3+ Kh7 36. Rxd7 Qxd7 37. Qd5 Qa4 38. Qf7 Qd1+ 39. Kf2 Qd8 40. Qd5
Qxd5 41. exd5 b6 42. Be7 Kg6 43. Bd8 e4 44. Bxc7 e3+ 45. Ke2 b5 46. Bb6 Be5 47.
Bc5 Kf7 48. Kd3 Bf6 49. b3 Be7 50. Bd4 Bd6 51. Bc5 Bxc5 52. bxc5 a5 53. c6 Ke7
54. c7 Kd7 55. d6 a4 56. c4 bxc4+ 57. bxc4 a3 58. c5 a2 59. c6+ Kc8 60. Kc4
a1=Q 61. Kc5 Qc3+ 62. Kb6 Qb4+ 63. Ka6 Qxd6 0-1

[Event "GBR-ch108 Under 14"]
[Site "Torquay"]
[Date "2022.08.09"]
[Round "3"]
[White "Badacsonyi, Stanley"]
[Black "Balasundaram, Sivasatyan"]
[Result "1-0"]
[WhiteElo "1730"]
[BlackElo "1492"]
[PlyCount "97"]
[EventDate "2022.08.08"]
[EventType "swiss"]
[EventRounds "7"]
[EventCountry "GBR"]
[SourceTitle "BritBase"]
[Source "John Saunders"]
[SourceDate "2021.06.05"]
[SourceVersion "1"]
[SourceVersionDate "2021.06.05"]
[SourceQuality "1"]

1. d4 Nf6 2. Nc3 d5 3. Bf4 g6 4. h4 h5 5. e3 Bg7 6. Nf3 c5 7. Qd2 Nc6 8. O-O-O
c4 9. Ne5 Na5 10. b3 b5 11. Nxb5 Ne4 12. Qe1 a6 13. Nc3 cxb3 14. axb3 Bb7 15.
Nxe4 dxe4 16. Nc4 Nxc4 17. Bxc4 Bc6 18. Qb4 a5 19. Qc5 Bd7 20. Qc7 Qxc7 21.
Bxc7 a4 22. Kd2 Rc8 23. Ba5 e5 24. Bc3 O-O 25. dxe5 Bg4 26. Ra1 Rfd8+ 27. Bd4
axb3 28. cxb3 Bxe5 29. Kc3 Bxd4+ 30. exd4 Be2 31. Rhe1 Bd3 32. f3 Bxc4 33. bxc4
exf3 34. gxf3 Rd7 35. Ra5 Rcd8 36. d5 Rc8 37. Kd4 Rdc7 38. c5 Rd8 39. d6 f6 40.
Rea1 Kf7 41. Kd5 g5 42. Ra7 Rxa7 43. Rxa7+ Ke8 44. Ke6 gxh4 45. Rh7 Kf8 46.
Rh8+ Kg7 47. Rxd8 h3 48. Ra8 h2 49. Ra1 1-0

[Event "GBR-ch108 Under 14"]
[Site "Torquay"]
[Date "2022.08.09"]
[Round "3"]
[White "Bharat Kumar, Balahari"]
[Black "Hobson, Kenneth"]
[Result "0-1"]
[WhiteElo "1738"]
[BlackElo "1884"]
[PlyCount "48"]
[EventDate "2022.08.08"]
[EventType "swiss"]
[EventRounds "7"]
[EventCountry "GBR"]
[SourceTitle "BritBase"]
[Source "John Saunders"]
[SourceDate "2021.06.05"]
[SourceVersion "1"]
[SourceVersionDate "2021.06.05"]
[SourceQuality "1"]

1. d4 Nf6 2. c4 e6 3. Nf3 b6 4. a3 Bb7 5. Nc3 Ne4 6. Qc2 Nxc3 7. Qxc3 Be7 8.
Bf4 O-O 9. g3 g5 10. Bd2 g4 11. Bh6 gxf3 12. Bxf8 Qxf8 13. exf3 Bf6 14. Qe3 Qg7
15. Rd1 Nc6 16. Bg2 Nxd4 17. O-O d6 18. g4 e5 19. Kh1 Bg5 20. Qd3 Bf4 21. h4
Qh6 22. h5 Qg5 23. Rfe1 f5 24. Kg1 fxg4 0-1

[Event "GBR-ch108 Under 14"]
[Site "Torquay"]
[Date "2022.08.09"]
[Round "3"]
[White "Buanne, Luca"]
[Black "Evans, Ruben Nangalia"]
[Result "1-0"]
[WhiteElo "1979"]
[BlackElo "1533"]
[PlyCount "107"]
[EventDate "2022.08.08"]
[EventType "swiss"]
[EventRounds "7"]
[EventCountry "GBR"]
[SourceTitle "BritBase"]
[Source "John Saunders"]
[SourceDate "2021.06.05"]
[SourceVersion "1"]
[SourceVersionDate "2021.06.05"]
[SourceQuality "1"]

1. d4 d5 2. c4 e6 3. Nf3 Nf6 4. g3 b6 5. cxd5 exd5 6. Bg2 Bb7 7. O-O Be7 8. Nc3
O-O 9. Ne5 Nbd7 10. Qa4 Nxe5 11. dxe5 Nd7 12. Nxd5 Nc5 13. Qd1 Bxd5 14. Bxd5
Rc8 15. Bc6 Qxd1 16. Rxd1 Rcd8 17. Bd2 Ne6 18. Bc3 Rxd1+ 19. Rxd1 Rd8 20. Rxd8+
Nxd8 21. Bd5 a5 22. a3 a4 23. f4 Kf8 24. e3 Ke8 25. f5 g6 26. g4 c6 27. Ba2 Bg5
28. Kf2 Nb7 29. Bd4 b5 30. e6 fxe6 31. Bxe6 Ke7 32. Bg8 c5 33. Bc3 gxf5 34.
gxf5 h6 35. e4 Bf4 36. Bd5 Nd6 37. f6+ Kf8 38. e5 Nf5 39. h3 Nd4 40. e6 Nf5 41.
e7+ Nxe7 42. fxe7+ Kxe7 43. Bc6 b4 44. axb4 Bd6 45. b5 Kd8 46. b6 c4 47. b7 Kc7
48. Bd5 h5 49. Ke3 Bg3 50. Kd4 h4 51. Kxc4 Bd6 52. Kb5 Kb8 53. Ka6 Bf4 54. Bd4
1-0

[Event "GBR-ch108 Under 14"]
[Site "Torquay"]
[Date "2022.08.09"]
[Round "3"]
[White "Eccleston, Bryony"]
[Black "Whelan, Joseph"]
[Result "0-1"]
[WhiteElo "1032"]
[BlackElo "1480"]
[PlyCount "52"]
[EventDate "2022.08.08"]
[EventType "swiss"]
[EventRounds "7"]
[EventCountry "GBR"]
[SourceTitle "BritBase"]
[Source "John Saunders"]
[SourceDate "2021.06.05"]
[SourceVersion "1"]
[SourceVersionDate "2021.06.05"]
[SourceQuality "1"]

1. e4 e6 2. d4 d5 3. e5 c5 4. c3 Nc6 5. Nf3 Qb6 6. Bd3 Bd7 7. Qb3 Na5 8. Qxb6
axb6 9. Be3 Nb3 10. axb3 Rxa1 11. O-O Ra2 12. Nbd2 cxd4 13. Bxd4 Bc5 14. h3 Ne7
15. Rc1 O-O 16. Rc2 f5 17. b4 Bxd4 18. Nxd4 Ng6 19. N2f3 Rfa8 20. Re2 Nf4 21.
Rd2 Nxd3 22. Rxd3 Rxb2 23. Ng5 Ra1+ 24. Kh2 Rxf2 25. Rg3 f4 26. Rg4 Rff1 0-1

[Event "GBR-ch108 Under 14"]
[Site "Torquay"]
[Date "2022.08.10"]
[Round "4"]
[White "Dasgupta, Avyukt"]
[Black "Badacsonyi, Stanley"]
[Result "0-1"]
[WhiteElo "1674"]
[BlackElo "1730"]
[PlyCount "76"]
[EventDate "2022.08.08"]
[EventType "swiss"]
[EventRounds "7"]
[EventCountry "GBR"]
[SourceTitle "BritBase"]
[Source "John Saunders"]
[SourceDate "2021.06.05"]
[SourceVersion "1"]
[SourceVersionDate "2021.06.05"]
[SourceQuality "1"]

1. d4 Nf6 2. Nf3 g6 3. b4 Bg7 4. Bb2 d6 5. e3 O-O 6. Nbd2 c5 7. bxc5 dxc5 8.
Rb1 Nc6 9. c4 Bf5 10. Rc1 Qa5 11. Qb3 cxd4 12. exd4 Ne4 13. d5 Nd4 14. Bxd4
Bxd4 15. Bd3 Nc5 16. Bxf5 Nxb3 17. axb3 Bxf2+ 18. Kxf2 gxf5 19. Rhe1 Rad8 20.
Nf1 Qb6+ 21. Kg3 Rd6 22. h3 Rg6+ 23. Kh2 Qf2 24. Ne3 Qg3+ 25. Kh1 f4 26. Ng4 h5
27. Nfe5 hxg4 28. Nxg6 fxg6 29. Re2 f3 30. gxf3 Qxf3+ 31. Rg2 gxh3 32. Rcg1
hxg2+ 33. Rxg2 Qh3+ 34. Kg1 Qe3+ 35. Kh1 Rf1+ 36. Kh2 Qf4+ 37. Rg3 Qh4+ 38. Kg2
Qh1# 0-1

[Event "GBR-ch108 Under 14"]
[Site "Torquay"]
[Date "2022.08.10"]
[Round "4"]
[White "Evans, Ruben Nangalia"]
[Black "Hill-Wood, T Wilfred D"]
[Result "1/2-1/2"]
[WhiteElo "1533"]
[BlackElo "1475"]
[PlyCount "112"]
[EventDate "2022.08.08"]
[EventType "swiss"]
[EventRounds "7"]
[EventCountry "GBR"]
[SourceTitle "BritBase"]
[Source "John Saunders"]
[SourceDate "2021.06.05"]
[SourceVersion "1"]
[SourceVersionDate "2021.06.05"]
[SourceQuality "1"]

1. d4 Nf6 2. c4 e5 3. dxe5 Ng4 4. Nf3 Bc5 5. e3 Nc6 6. a3 a5 7. Nc3 O-O 8. Be2
Ngxe5 9. O-O Nxf3+ 10. Bxf3 Ne5 11. Be2 Ra6 12. Rb1 Rh6 13. e4 Rg6 14. Bf4 Re8
15. b4 Bd6 16. Bg3 axb4 17. axb4 Nc6 18. b5 Bxg3 19. hxg3 Ne5 20. Nd5 d6 21.
Ne3 Qg5 22. Qc1 Qe7 23. Nd5 Qd8 24. Rb3 Nd7 25. Re3 Nc5 26. Re1 Rh6 27. Bf3 Re5
28. Nf4 g5 29. Nd3 Nxd3 30. Rxd3 Qf6 31. Rd5 Be6 32. Rxe5 Qxe5 33. Bd1 Rf6 34.
Bb3 h5 35. Qa1 Kf8 36. Qxe5 dxe5 37. Ra1 Ke7 38. Ra7 Bc8 39. c5 c6 40. Ra8 Kd7
41. bxc6+ bxc6 42. Ra7+ Ke8 43. Bd1 g4 44. Be2 Re6 45. Ra8 Kd7 46. Ba6 Bxa6 47.
Rxa6 Ke7 48. Ra8 Kf6 49. Rc8 Kg5 50. Kf1 f5 51. exf5 Kxf5 52. Rh8 Ke4 53. Rd8
Kf5 54. Rh8 Kg5 55. Rd8 Kf5 56. Ke2 Rf6 1/2-1/2

[Event "GBR-ch108 Under 14"]
[Site "Torquay"]
[Date "2022.08.10"]
[Round "4"]
[White "Hobson, Kenneth"]
[Black "Buanne, Luca"]
[Result "1/2-1/2"]
[WhiteElo "1884"]
[BlackElo "1979"]
[PlyCount "37"]
[EventDate "2022.08.08"]
[EventType "swiss"]
[EventRounds "7"]
[EventCountry "GBR"]
[SourceTitle "BritBase"]
[Source "John Saunders"]
[SourceDate "2021.06.05"]
[SourceVersion "1"]
[SourceVersionDate "2021.06.05"]
[SourceQuality "1"]

1. e4 c5 2. Nf3 d6 3. Bb5+ Nd7 4. a4 Ngf6 5. Nc3 g6 6. O-O a6 7. Be2 Bg7 8. a5
O-O 9. d3 b5 10. axb6 Bb7 11. h3 a5 12. Be3 Qxb6 13. Qc1 Rfb8 14. Nd2 d5 15.
exd5 Nxd5 16. Na4 Qc7 17. Nb3 Nxe3 18. Qxe3 Rc8 19. Rfe1 1/2-1/2

[Event "GBR-ch108 Under 14"]
[Site "Torquay"]
[Date "2022.08.10"]
[Round "4"]
[White "Whelan, Joseph"]
[Black "Latypova, Olga L"]
[Result "1-0"]
[WhiteElo "1480"]
[BlackElo "1567"]
[PlyCount "98"]
[EventDate "2022.08.08"]
[EventType "swiss"]
[EventRounds "7"]
[EventCountry "GBR"]
[SourceTitle "BritBase"]
[Source "John Saunders"]
[SourceDate "2021.06.05"]
[SourceVersion "1"]
[SourceVersionDate "2021.06.05"]
[SourceQuality "1"]

1. d4 Nf6 2. Bf4 g6 3. Nc3 d5 4. e3 Bg7 5. h4 h5 6. Nf3 O-O 7. Ne5 c5 8. Be2
Nc6 9. g4 Nxe5 10. dxe5 Nxg4 11. Bxg4 Bxg4 12. Qxd5 Qb6 13. Qb3 Qc6 14. e4 e6
15. O-O Bf3 16. Rfe1 c4 17. Qb5 f5 18. Qxc6 bxc6 19. exf5 Rxf5 20. Bg3 Kf8 21.
Ne2 c5 22. Nf4 Kf7 23. Nh3 Bh6 24. Kh2 Rd8 25. Ng5+ Bxg5 26. hxg5 Rd4 27. Kh3
Rxg5 28. Re3 Bg4+ 29. Kh4 Rf5 30. f4 Kg7 31. Ra3 Rf7 32. Rh1 Rd2 33. Rh2 Rd4
34. Ra6 Rc7 35. c3 Re4 36. Rd2 Kf7 37. Rad6 Ke7 38. Kg5 Re2 39. Rxe2 Bxe2 40.
Kxg6 Rc8 41. Bh4+ Kf8 42. Rxe6 Rc7 43. Rf6+ Ke8 44. e6 Bg4 45. f5 Rb7 46. a3
Rxb2 47. e7 Bxf5+ 48. Rxf5 Rg2+ 49. Kh7 Re2 1-0

[Event "GBR-ch108 Under 14"]
[Site "Torquay"]
[Date "2022.08.11"]
[Round "5"]
[White "Badacsonyi, Stanley"]
[Black "Hobson, Kenneth"]
[Result "1-0"]
[WhiteElo "1730"]
[BlackElo "1884"]
[PlyCount "79"]
[EventDate "2022.08.08"]
[EventType "swiss"]
[EventRounds "7"]
[EventCountry "GBR"]
[SourceTitle "BritBase"]
[Source "John Saunders"]
[SourceDate "2021.06.05"]
[SourceVersion "1"]
[SourceVersionDate "2021.06.05"]
[SourceQuality "1"]

1. d4 Nf6 2. Nc3 d5 3. Bf4 e6 4. Nb5 Na6 5. e3 Be7 6. Nf3 O-O 7. Be2 Nh5 8. Be5
f6 9. Bg3 c6 10. Nc3 c5 11. O-O Nxg3 12. hxg3 Nb4 13. dxc5 Bxc5 14. e4 dxe4 15.
Qxd8 Rxd8 16. Nxe4 Bb6 17. c3 Nd5 18. Rad1 f5 19. Ned2 Bd7 20. Bc4 Rac8 21. Bb3
f4 22. Ne4 fxg3 23. Nxg3 Nf4 24. Ng5 h6 25. Rxd7 hxg5 26. Rxb7 Rd2 27. Ne4 Re2
28. Nxg5 Re5 29. Nf3 Ne2+ 30. Kh1 Rh5+ 31. Nh2 Rd8 32. Bxe6+ Kh7 33. Bg4 Re5
34. Nf3 Ree8 35. g3 Rd6 36. Kg2 Kg8 37. Re1 Rd3 38. Kf1 Re4 39. Bh5 g6 40. Rxe2
1-0

[Event "GBR-ch108 Under 14"]
[Site "Torquay"]
[Date "2022.08.11"]
[Round "5"]
[White "Dasgupta, Avyukt"]
[Black "Chan, Michelle Ngo Yu"]
[Result "1-0"]
[WhiteElo "1674"]
[BlackElo "1638"]
[PlyCount "39"]
[EventDate "2022.08.08"]
[EventType "swiss"]
[EventRounds "7"]
[EventCountry "GBR"]
[SourceTitle "BritBase"]
[Source "John Saunders"]
[SourceDate "2021.06.05"]
[SourceVersion "1"]
[SourceVersionDate "2021.06.05"]
[SourceQuality "1"]

1. d4 d5 2. Bf4 Nf6 3. e3 e6 4. c3 Bd6 5. Bg3 c5 6. Nd2 Qc7 7. f4 O-O 8. Ngf3
Nc6 9. Ne5 Ne7 10. Bd3 Nf5 11. Qf3 b6 12. Bf2 Be7 13. g4 Nd6 14. h4 Nfe4 15. h5
f6 16. Ng6 hxg6 17. hxg6 Nxf2 18. Kxf2 Nf7 19. Rh8+ Kxh8 20. gxf7 1-0

[Event "GBR-ch108 Under 14"]
[Site "Torquay"]
[Date "2022.08.11"]
[Round "5"]
[White "Whelan, Joseph"]
[Black "Bharat Kumar, Balahari"]
[Result "1-0"]
[WhiteElo "1480"]
[BlackElo "1738"]
[PlyCount "151"]
[EventDate "2022.08.08"]
[EventType "swiss"]
[EventRounds "7"]
[EventCountry "GBR"]
[SourceTitle "BritBase"]
[Source "John Saunders"]
[SourceDate "2021.06.05"]
[SourceVersion "1"]
[SourceVersionDate "2021.06.05"]
[SourceQuality "1"]

1. d4 Nf6 2. c4 e6 3. Nc3 d5 4. Bf4 Be7 5. c5 c6 6. Nf3 O-O 7. e3 Nbd7 8. Qa4
a5 9. Bd3 Re8 10. Be5 Nf8 11. Qc2 b6 12. Na4 bxc5 13. Bxf6 Bxf6 14. Nxc5 Qb6
15. O-O e5 16. dxe5 Bxe5 17. Ng5 h6 18. Na4 Qc7 19. Nf3 Bf6 20. Rac1 Ba6 21.
Rfd1 Bxd3 22. Rxd3 Qa7 23. h3 Rec8 24. Nh2 h5 25. Qe2 g6 26. Qf3 Be5 27. g3 Ne6
28. Qe2 Rab8 29. b3 Qe7 30. Qc2 h4 31. Kg2 hxg3 32. Ng4 Bd6 33. Qb2 d4 34. fxg3
Ba3 35. Qc2 Bxc1 36. Qxc1 Qg5 37. Qe1 Kf8 38. e4 Re8 39. e5 Kg7 40. Qe2 Qe7 41.
Qd2 Rh8 42. Qf2 c5 43. h4 Qb7+ 44. Kg1 Qe7 45. Nf6 Nd8 46. Ng4 g5 47. Qf5 gxh4
48. Nf6 Rh6 49. Qg4+ Rg6 50. Qxh4 Qxe5 51. Nh5+ Kf8 52. Nf4 Rg8 53. Qh6+ Ke8
54. Kf2 Rh8 55. Qa6 Rh1 56. Qxa5 Rb4 57. Nxc5 Ne6 58. Qxb4 Nxf4 59. Qa4+ Ke7
60. Qa7+ Ke8 61. Qd7+ Kf8 62. Qc8+ Ke7 63. Qb7+ Ke8 64. Qb5+ Ke7 65. Qb7+ Ke8
66. Qa8+ Ke7 67. Qb7+ Ke8 68. Qc6+ Ke7 69. gxf4 Qe1+ 70. Kf3 Rh3+ 71. Kg4 Qh4+
72. Kf5 Qh7+ 73. Ke5 Rxd3 74. Qd6+ Ke8 75. Qd7+ Kf8 76. Ne6+ 1-0

[Event "GBR-ch108 Under 14"]
[Site "Torquay"]
[Date "2022.08.11"]
[Round "6"]
[White "Badacsonyi, Stanley"]
[Black "Buanne, Luca"]
[Result "1/2-1/2"]
[WhiteElo "1730"]
[BlackElo "1979"]
[PlyCount "71"]
[EventDate "2022.08.08"]
[EventType "swiss"]
[EventRounds "7"]
[EventCountry "GBR"]
[SourceTitle "BritBase"]
[Source "John Saunders"]
[SourceDate "2021.06.05"]
[SourceVersion "1"]
[SourceVersionDate "2021.06.05"]
[SourceQuality "1"]

1. d4 Nf6 2. Nc3 d5 3. Bf4 c5 4. e4 Nxe4 5. Nxe4 dxe4 6. dxc5 Qa5+ 7. Qd2 Qxd2+
8. Bxd2 e5 9. Be3 a5 10. O-O-O Bd7 11. Bc4 Bc6 12. Bd5 Nd7 13. Ne2 f5 14. f4
exf3 15. gxf3 Bxc5 16. Bxc5 Nxc5 17. Bxc6+ bxc6 18. f4 Ne4 19. Rhf1 exf4 20.
Nd4 c5 21. Nxf5 O-O 22. Rxf4 Rae8 23. Rdf1 Rf6 24. Ne3 Rh6 25. Nf5 Rf6 26. Ne3
Rxf4 27. Rxf4 Nc3 28. Kd2 Nxa2 29. c3 Nc1 30. Nc4 Nb3+ 31. Kd1 a4 32. Nb6 Rd8+
33. Ke1 Rd2 34. Rf2 Rxf2 35. Kxf2 a3 36. bxa3 1/2-1/2

[Event "GBR-ch108 Under 14"]
[Site "Torquay"]
[Date "2022.08.11"]
[Round "6"]
[White "Bharat Kumar, Balahari"]
[Black "Blades, Kit"]
[Result "1-0"]
[WhiteElo "1738"]
[BlackElo "1477"]
[PlyCount "73"]
[EventDate "2022.08.08"]
[EventType "swiss"]
[EventRounds "7"]
[EventCountry "GBR"]
[SourceTitle "BritBase"]
[Source "John Saunders"]
[SourceDate "2021.06.05"]
[SourceVersion "1"]
[SourceVersionDate "2021.06.05"]
[SourceQuality "1"]

1. d4 d5 2. c4 e6 3. Nc3 Be7 4. Nf3 Nf6 5. Bf4 O-O 6. e3 b6 7. cxd5 exd5 8. Bd3
c5 9. O-O a6 10. dxc5 bxc5 11. Rc1 Be6 12. Ne5 Nbd7 13. Nc6 Qe8 14. Qe2 Rc8 15.
Nxe7+ Qxe7 16. Bxa6 Rb8 17. Bxb8 Rxb8 18. Bd3 c4 19. Bb1 Nc5 20. Rfd1 Qc7 21.
b3 cxb3 22. Na4 Nfd7 23. axb3 Qa7 24. Nxc5 Nxc5 25. Qc2 Ne4 26. Qc7 Qxc7 27.
Rxc7 Nf6 28. Bc2 g6 29. h3 Ne8 30. Rc6 Kf8 31. Ra1 Nf6 32. Ra7 Ke8 33. Kf1 Nd7
34. Ke2 Kf8 35. Kd2 Ke7 36. Kc3 Kf8 37. Rxe6 1-0